| 000 | 00903nam a2200229 a 4500 | ||
|---|---|---|---|
| 001 | 000044541 | ||
| 003 | OSt | ||
| 005 | 20210406134242.0 | ||
| 008 | 140711s2014 dr ac 000 0 spa d | ||
| 040 |
_aDO-SdBNP _bspa _cBNPHU |
||
| 082 |
_axxxx _bxxxx |
||
| 100 | 1 |
_aBáez García, Angela _972552 |
|
| 245 | 1 | 0 |
_aArcoiris de valored y colores patrios / _cÁngela Báez García ; cuidado de la edición: Coralia Akins ; diseño de interiores: Paola Carreno, Gerardo Germán ; corrección: Gerardo Germán ; presentación: Rafael Bello Andino. |
| 260 |
_a[Santo Domingo] : _bEditora Robiou, _c[2014]. |
||
| 300 |
_a117 p. : _bil., retrs. ; _c23 cm. |
||
| 504 | _aBibliografía : p. [122] | ||
| 590 | _aInventariado, 2020 /LP | ||
| 700 | 1 |
_aAkins, Coralia, _eedición _972553 |
|
| 700 | 1 |
_aGermán, Gerardo, _ecorrección _978310 |
|
| 700 | 1 |
_a Bello Andino, Rafael, _epresentación _978311 |
|
| 942 |
_2ddc _cLBS1 |
||
| 999 |
_c44030 _d44030 |
||